000 01005cam a22003137a 4500
003 CHAP
005 20220329135136.0
008 971013d1985 mx r 00110 spa d
010 _a31577
011 _a32549
035 _a36664
040 _cCHAP
090 _aFolleto 10712
100 0 0 _aCreel, Enrique C.
_928878
245 1 0 _aAgricultura y agrarismo
260 _aMéxico, D.F. :
_bCentro de Estudios Historicos del Agrarismo en México,
_c1985.
300 _a71 p.
590 _aBATCH-UPD
_b10
_c20130110
_lUCH01
_h0952
590 _aBATCH-UPD
_b10
_c20130410
_lUCH01
_h0606
590 _aBATCH-UPD
_b10
_c20130914
_lUCH01
_h0040
590 _aCONVERSION
_b10
_c20130109
_lUCH01
_h1318
650 1 4 _aAgricultura
_zMéxico.
_91932
650 1 4 _aReforma agraria
_zMéxico.
_995596
650 1 4 _aTierras
_xTenencia
_zMéxico.
_9113215
901 _aBK
942 _cFOLL
949 _aFolleto 10712
_bBC
_cFOLL
_d366641
_eTS1
_i36664
_mD
_si
949 _aFolleto 10712
_bBC
_cFOLL
_d366642
_eTS2
_fc.2
_i36664
_mD
_si
999 _c31577
_d31577